| 000 | 01181nam a22003137a 4500 | ||
|---|---|---|---|
| 001 | 3464 | ||
| 003 | FISKH | ||
| 005 | 20260305081718.0 | ||
| 008 | 240307b cb ||||| |||| 00| 0 eng d | ||
| 020 | _a9780531138960 | ||
| 040 |
_aFISKH _beng _cFISKH _dFISKH |
||
| 050 | _aDK254.R3 | ||
| 082 | _a947.08 | ||
| 100 |
_aGoldberg , Enid A. _d1931-2019 |
||
| 245 |
_aGrigory Rasputin : _cHoly man or mad monk? / _bby Enid A. Goldberg &, Norman Itzkowitz |
||
| 260 |
_aNew York : _bScholastic, _c2008 . |
||
| 300 |
_a128 pages : _billustrations, _c18 cm . |
||
| 490 | _aA Wicked History | ||
| 505 | _aS | ||
| 520 | _aAn introduction to the life of Grigory Rasputin, who claimed to have mystical, God-given powers--and the rulers of early twentieth-century Russia believed him. | ||
| 521 | 8 |
_a800
_bLexiles estimate |
|
| 521 | 8 |
_aS
_bRaz-Plus |
|
| 650 |
_aRasputin , Grigori Efimovich , ca. 1870-1916 _vJuvenile Literature |
||
| 650 |
_aRussia-Court and courtiers- Biography _vJuvenile Literature |
||
| 650 |
_aRussia-History-Nicholas II , 1894-1917 _vJuvenile Literature |
||
| 700 |
_aOlson , Tod _eSeries Editor |
||
| 942 |
_2ddc _cBK _n0 |
||
| 999 |
_c3464 _d3464 |
||